000 00339nam a2200133Ia 4500
008 230818s1996 xx 000 0 und d
041 _aeng
100 _aMorrison
245 _aHospitality & Travel Marketing
260 _bDelmar pub.
_c1996
300 _a567p
520 _aHard Board | Reference Copy
999 _c854570
_d854570
650 _aHospitatity & Tourism